| 000 | 01348nam a22003257a 4500 | ||
|---|---|---|---|
| 003 | DO-SdBNP | ||
| 005 | 20180313100258.0 | ||
| 008 | 160509b 2005 dr00| 0 spa d | ||
| 020 | _a9789945110333 | ||
| 040 |
_aBPMSU _bspa _cBPMSU |
||
| 092 |
_a373.257 _bM425b 1ro. 2005 |
||
| 245 |
_aBiología 1 : _beducación media / _cJeannette Mateo ... [et al ] ; dirección editorial Obdulia García de Escobar ; editora Claudia Llibre |
||
| 260 |
_aSanto Domingo : _bSantillana, _c2005. |
||
| 300 |
_a143 p. : _bil., retrs. _c28 cm. |
||
| 490 | 1 | _aÁmbar | |
| 500 | _aPrimero de bachillerato/1er.curso/Primer ciclo | ||
| 505 | 0 |
_tBases químicas de la vida -- _tLa célula -- _tBiología molecular de la herencia -- _tLos tejidos -- _tLa evolución -- _tCaracterística de los seres vivos -- _tLos cinco reinos vivientes. |
|
| 650 | 4 |
_aBIOLOGÍA _xENSEÑANZA SECUNDARIA |
|
| 650 | 4 |
_aBIOLOGÍA _xESTUDIOS Y EJERCICIOS |
|
| 650 | 4 |
_aBIOLOGÍA _xLIBROS DE TEXTOS |
|
| 650 | 4 |
_aEDUCACIÓN SECUNDARIA _zREPÚBLICA DOMINICANA |
|
| 650 | 4 |
_aBIOLOGÍA _xEDUCACIÓN SECUNDARIA |
|
| 700 | 1 | _aMateo, Jeannette | |
| 700 | 1 | 2 |
_aGarcía de Escobar, Obdulia, _eED. |
| 700 | 1 |
_aLlibre, Claudia, _eed. |
|
| 830 | 0 | _aÁmbar | |
| 910 | _aValidado. Control de calidad MFF | ||
| 942 |
_2ddc _cBK _nRemanejado para la BNPHU / 2018 BT |
||
| 956 |
_aBTAVÁREZ _b10 _c20160517 _d0038 |
||
| 999 |
_c10029 _d10029 |
||